| 000 | 01609nam0a2200397 4500 | ||
|---|---|---|---|
| 001 | RU\NLR\bibl\418537 | ||
| 005 | 20260405063118.0 | ||
| 010 |
_a5-89146-236-2 _9100 |
||
| 021 |
_aRU _b2003-25640 _91193 |
||
| 035 | _a(NLR Aleph) 000412512 | ||
| 090 |
_a644074 _c644074 |
||
| 100 | _a20030627d2002 |||y0rusy50 ca | ||
| 101 | 0 | _arus | |
| 102 | _aRU | ||
| 105 | _aa ||||||||| | ||
| 200 | 1 |
_aСтеновые изделия с применением попутных продуктов _fС. В. Максимов _gМ-во образования РФ, Ульян. гос. техн. ун-т |
|
| 210 |
_aУльяновск _cУлГТУ _d2002 |
||
| 215 |
_a203 с. _cил. _d21 |
||
| 313 | _aбетонные и керамические стеновые изделия | ||
| 320 | _aБиблиогр.: с. 203 | ||
| 606 | 0 |
_aСтеновые строительные материалы керамические _xПроизводство _91698696 _3RU\NLR\auth\661054095 |
|
| 606 | 0 |
_aБетонные стены _91138988 _3RU\NLR\auth\66134565 |
|
| 610 | 0 | _aСтеновые материалы - Производство | |
| 675 |
_a691.42/.43:666.97.03 _v3 _zrus |
||
| 686 |
_a67.09 _2rugasnti |
||
| 686 |
_a38.3 _2rubbk |
||
| 686 | _aЛ422.7 | ||
| 686 | _aН303.1 | ||
| 700 | 1 |
_4070 _8rus _7ca _aМаксимов _bС. В. _cд-р техн. наук _f1954- _gСергей Валентинович _3RU\NLR\auth\7721652 _94713 |
|
| 801 | 0 |
_aRU _bRKP _c20030627 _gPSBO |
|
| 801 | 1 |
_aRU _bRKP _c20030627 |
|
| 801 | 2 |
_aRU _bNLR _c20080423 _grcr |
|
| 942 | _cBOOK | ||
| 980 | _aNB | ||
| 980 | _aNBR | ||